000 00183nam a2200073Ia 4500
008 170817s9999 xx 000 0 und d
100 _aPANNEERSELVAM R.
245 0 _aRESEARCH METHDOLOGY
260 _bPRENTICE HALOF IN.
999 _c36818
_d36818